• 首页
  • 本馆介绍
  • 公告通知
  • 最新文献
  • 馆藏检索
  • 电子资源
  • 读者导购
  • 参考咨询
  • 我的图书馆
  • 登录
  • 详细信息显示
  • 放入我的书架
  • 预约/预借图书
  • 作者相关作品
  • 分类相关作品
  • 丛书相关作品
  • 出版社相关作品

书目信息

  • 表格格式
  • 工作单格式
  • 卡片格式
题名:
小学语文部编教材文本解读及学习设计
    
 
作者: 汪潮 主编
分册: 上册   四年级
出版信息: 福州   福建教育出版社  2019.9
页数: 315页
开本: 24cm
丛书名: 《新教师》书系
单 册:
中图分类: G623.203
科图分类:
主题词: 小学语文课--教学参考资料
电子资源:
ISBN: 978-7-5334-8491-0
000 01019nam0 2200277 45
001 012001002353
005 20210923085225.72
010    @a978-7-5334-8491-0@dCNY45.00
099    @aCAL 012019153842
100    @a20190925d2019 em y0chiy0110 ea
101 0  @achi
102    @aCN@b350000
105    @ay z 000yy
106    @ar
200 1  @a小学语文部编教材文本解读及学习设计@Axiao xue yu wen bu bian jiao cai wen ben jie du ji xue xi she ji@i四年级@h上册@f汪潮主编
210    @a福州@c福建教育出版社@d2019.9
215    @a315页@d24cm
225 2  @a《新教师》书系@A《Xin Jiao Shi》Shu Xi
330    @a本书包括八个课程单元,每课都从文本解读、学习目标、核心内容和学习设计四大块内容入手,对小学语文部编教材四上进行了解读,为一线教师教学提供了思路、理据、目标和方法。
410  0 @12001 @a《新教师》书系
461  0 @12001 @a《新教师》书系
606 0  @a小学语文课@j教学参考资料
690    @aG623.203@v5
701  0 @a汪潮@Awang chao@4主编
801    @aCN@bAHXH@c20210922
905    @b1254091-5@dG623.203@e1741:1@f5
    
    小学语文部编教材文本解读及学习设计.四年级.上册/汪潮主编.-福州:福建教育出版社,2019.9
    315页;24cm.-(《新教师》书系)
    
    
    ISBN 978-7-5334-8491-0:CNY45.00
    本书包括八个课程单元,每课都从文本解读、学习目标、核心内容和学习设计四大块内容入手,对小学语文部编教材四上进行了解读,为一线教师教学提供了思路、理据、目标和方法。
●
相关链接 在E读中查询图书 在五车中查询图书 在当当中查询图书 在豆瓣中查询图书


正题名:小学语文部编教材文本解读及学习设计     索取号:G623.203/1741:1         预约/预借

序号 登录号 条形码 馆藏地/架位号 状态 备注
1 1254091   212540918   第一样本阅览室/ [索取号:G623.203/1741:1] 在馆    
2 1254092   212540927   教育系资料室/ [索取号:G623.203/1741:1] 在馆    
3 1254093   212540936   教育系资料室/ [索取号:G623.203/1741:1] 在馆    
4 1254094   212540945   第四借阅区/ [索取号:G623.203/1741:1] 在馆    
5 1254095   212540954   第四借阅区/ [索取号:G623.203/1741:1] 在馆    
唐山师范学院图书馆 欢迎您!
大连网信软件有限公司© 版权所有